书目信息 |
| 题名: |
大家来做口述历史
|
|
| 作者: | 里奇 , Ritchie 著 ;王芝芝 , 姚力 译 | |
| 分册: | ||
| 出版信息: | 北京 当代中国出版社 2006 |
|
| 页数: | 320页 | |
| 开本: | 23cm | |
| 丛书名: | ||
| 单 册: | ||
| 中图分类: | K061 | |
| 科图分类: | ||
| 主题词: | 口述历史学 , 历史--研究 , 口述历史学--研究 | |
| 电子资源: | ||
| ISBN: | 7-80170-448-7 | |
| 000 | 01445nam0 2200409 450 | |
| 000 | 01408nam0 2200397 450 | |
| 000 | 01391nam0 2200397 450 | |
| 000 | 01337nam0 2200373 450 | |
| 000 | 01300nam0 2200361 450 | |
| 000 | 01239nam0 2200349 450 | |
| 000 | 01185nam0 2200325 450 | |
| 000 | 01139nam0 2200313 450 | |
| 000 | 01102nam0 2200301 450 | |
| 001 | 010040029865 | |
| 005 | 20070111103555.42 | |
| 010 | @a7-80170-448-7@dCNY38.00 | |
| 100 | @a20060123d2006 em y0chiy0110 ea | |
| 101 | 0 | @achi@ceng |
| 102 | @aCN@b110000 | |
| 105 | @ay z 000yy | |
| 200 | 1 | @a大家来做口述历史@9da jia lai zuo kou shu li shi@e实务指南@f(美)唐纳德·里奇(Donald A.Ritchie)著@g王芝芝,姚力译 |
| 210 | @a北京@c当代中国出版社@d2006 | |
| 215 | @a320页@d23cm | |
| 305 | @a据原书第2版译出 | |
| 330 | @a本书重点围绕在“做”上,强调的是由实践操作来学习的理念。对口述历史如何筹划,如何运行、如何开辟经费资源、如何保护受访者的版权等等,都交待的无微不至,使本书成为口述历史理论、方法与实践的百科全书式的手册。 | |
| 510 | 1 | @aDoing Oral History@zeng |
| 606 | 0 | @a口述历史学 |
| 606 | 0 | @a历史@x研究 |
| 606 | 0 | @a口述历史学@x研究 |
| 690 | @aK061@v4 | |
| 701 | 1 | @a里奇@9li qi@bD.A.@4著 |
| 701 | 1 | @aRitchie@bDonald. A.@4著 |
| 702 | 0 | @a王芝芝@9wang zhi zhi@4译 |
| 702 | 0 | @a姚力@9yao li@4译 |
| 801 | 0 | @aCN@bRENTIAN@c20070111 |
| 905 | @a10447@dK061@e45 | |
| 大家来做口述历史:实务指南/(美)唐纳德·里奇(Donald A.Ritchie)著/王芝芝,姚力译.-北京:当代中国出版社,2006 |
| 320页;23cm |
| ISBN 7-80170-448-7:CNY38.00 |
| 本书重点围绕在“做”上,强调的是由实践操作来学习的理念。对口述历史如何筹划,如何运行、如何开辟经费资源、如何保护受访者的版权等等,都交待的无微不至,使本书成为口述历史理论、方法与实践的百科全书式的手册。 |
| ● |
| 相关链接 |
|
|
|
|
正题名:大家来做口述历史
索取号:K061/45
 
预约/预借
| 序号 | 登录号 | 条形码 | 馆藏地/架位号 | 状态 | 备注 |
| 1 | 0389523 | 203895231 | 第二样本阅览室/ [索取号:K061/45] | 在馆 | |
| 2 | 0389524 | 203895240 | 第二借阅区/ [索取号:K061/45] | 在馆 | |
| 3 | 0389525 | 203895259 | 第二借阅区/ [索取号:K061/45] | 在馆 | |
| 4 | 0389526 | 203895268 | 第二借阅区/ [索取号:K061/45] | 在馆 | |
| 5 | 0389527 | 203895277 | 第二借阅区/ [索取号:K061/45] | 在馆 | |
| 6 | 0616964 | 206169643 | 第二借阅区/ [索取号:K061/45] | 在馆 | |
| 7 | 0616965 | 206169652 | 第二借阅区/ [索取号:K061/45] | 在馆 | |
| 8 | 0616966 | 206169661 | 第二借阅区/ [索取号:K061/45] | 在馆 |